Nagy Imre időszerűtlen időszerűsége
Elmentve itt :
| Szerző: | |
|---|---|
| Adatforrás: | Meister |
| Forrásdokumentuma: | Korunk. - 10 sz., 1996, 126-127 p. |
| Nyelv: | magyar |
| Kulcsszavak: | politikatörténet NAGY Imre |
| LEADER | 00343nab a2200133 i 4500 | ||
|---|---|---|---|
| 001 | bibPRO00008981 | ||
| 008 | 060524s1996 xx hun | ||
| 040 | |a Sz1 | ||
| 041 | |a hun | ||
| 100 | 1 | |a K.H. | |
| 245 | 1 | 0 | |a Nagy Imre időszerűtlen időszerűsége |c K.H. |
| 695 | |a politikatörténet | ||
| 695 | |a NAGY Imre | ||
| 773 | 0 | |t Korunk. - |g 10 sz., 1996, 126-127 p. | |